banner koha

Densidade populacional na criacao de leitoes em baias ou gaiolas (Registro n. 318291)

MARC details
000 -LÍDER
campo de controle de tamanho fixo 01119naa a22003257a 4500
001 - NÚMERO DE CONTROLE
campo de controle BR8704397
003 - IDENTIFICADOR DO NÚMERO DE CONTROLE
campo de controle BR-BrBNA
005 - DATA E HORÁRIO DA ÚLTIMA TRANSAÇÃO
campo de controle 20240918175824.0
007 - CAMPO FIXO DE DESCRIÇÃO FÍSICA--INFORMAÇÃO GERAL
campo de controle de tamanho fixo ta
008 - CAMPO DE DADOS FIXOS--INFORMAÇÃO GERAL
campo de controle de tamanho fixo 230509b bl.||||| |||| 00| 0 por d
040 ## - FONTE DA CATALOGAÇÃO
Instituição da catalogação original BR-BrBNA
Idioma da catalogação por
Instituição que transcreveu o registro Biblioteca Nacional de Agricultura
041 ## - CÓDIGO DE IDIOMA
Código do idioma do texto/trilha sonora ou título diferente (Pt)
072 ## - CÓDIGO DE CATEGORIA DE ASSUNTO
Código de Categoria de Assunto L01; E51
Código do objeto 5300
-- G514
090 ## - NÚMERO DE CHAMADA LOCAL
Número de chamada L01 BR8704397
100 1# - ENTRADA PRINCIPAL--NOME PESSOAL
Nome pessoal Costa, V.
100 1# - ENTRADA PRINCIPAL--NOME PESSOAL
Nome pessoal Konzen, E.A.
100 1# - ENTRADA PRINCIPAL--NOME PESSOAL
Nome pessoal Protas, J.F.
111 1# - ENTRADA PRINCIPAL--NOME DO EVENTO
Nome do evento ou lugar 20. Reuniao Anual da Sociedade Brasileira de Zootecnia
Local do evento Pelotas, RS (Brazil)
Data do evento ou assinatura do tratado 14-20 Jul 1983
245 1# - TÍTULO
Título Densidade populacional na criacao de leitoes em baias ou gaiolas
260 3# - PUBLICAÇÃO, DISTRIBUIÇÃO, ETC.
Local de publicação, distribuição, etc. Pelotas, RS (Brasil):
Data da publicação, distribuição, etc. 1983.
500 ## - NOTA GERAL
Nota geral Anais da 20. Reuniao da Sociedade Brasileira de Zootecnia<br/>Pelotas, RS (Brasil): 1983. p. 55<br/>(BR8704397-AM)L01<br/>
650 ## - ASSUNTO--TERMO TÓPICO
Cabeçalho tópico ou nome geográfico LEITAO
650 ## - ASSUNTO--TERMO TÓPICO
Cabeçalho tópico ou nome geográfico CRIACAO
650 ## - ASSUNTO--TERMO TÓPICO
Cabeçalho tópico ou nome geográfico BAIA
650 ## - ASSUNTO--TERMO TÓPICO
Cabeçalho tópico ou nome geográfico GAIOLA
650 ## - ASSUNTO--TERMO TÓPICO
Cabeçalho tópico ou nome geográfico DENSIDADE DEMOGRAFICA
773 0# - ENTRADA ANALÍTICA
Título Anais da 20. Reuniao da Sociedade Brasileira de Zootecnia
Número de controle do registro L01 BR8704397
Partes relacionadas Pelotas, RS (Brasil), 1983. p. 55
909 ## -
-- 202404
-- Lucia
-- 55
-- Lucia Elande
942 ## - ELEMENTOS DE ENTRADA ADICIONADOS (KOHA)
Tipo de material Koha Capítulo-Livro
Fonte da classificação ou esquema de arquivamento na estante Classificação AGRIS
Exemplares
Situação do descarte Fonte da classificação ou esquema de arquivamento na estante Situação física Não pode ser emprestado Coleção Biblioteca de origem Biblioteca atual Localização na estante Total de empréstimos Número de telefone completo Data de último acesso Número do exemplar Tipo de material Koha Situação das perdas Data de aquisição Fonte de aquisição
  Classificação AGRIS       Biblioteca Nacional de Agricultura - Binagri Biblioteca Nacional de Agricultura - Binagri Agrobase - Acervo Geral   L01 BR8704408 20/05/2024 01 Capítulo-Livro   2024-04-11 Portaria Interministerial nº 164/94

BINAGRI

Telefone: (61)3218-2567/2388/3357/2097 - binagri@agro.gov.br

Ministério da Agricultura e Pecuária , Esplanada dos Ministérios, Bloco D, Anexo B, Brasília/DF, CEP: 70.043-900